000 00339nam a2200121Ia 4500
008 230907s9999||||xx |||||||||||||| ||und||
082 _a621.199
_bKOL
100 _aKolanowski, Bernard F.
_955765
245 0 _aSmall-scale cogenerationhandbook /
260 _aFairmont Press,
_bLilburn, GA :
_c2011
300 _axiii, 244 p. :
942 _cBK
999 _c599584
_d599584